Porovnanie finančného lízingu s úverom bakalárska práca

Gespeichert in:
Bibliographische Detailangaben
1. Verfasser: Fogelová, Monika
Körperschaft: Fakulta podnikového manažmentu EU. Katedra podnikových financií
Weitere Verfasser: Zachar Ninčák, Lucia
Format: Buch
Sprache:Slowakisch
Veröffentlicht: Bratislava 2009
Tags: Tag hinzufügen
Keine Tags, Fügen Sie das erste Tag hinzu!

MARC

LEADER 00000nam$a2200000$$$4500
001 0102414
005 20240319124615.6
041 0 |a slo 
044 |a SK 
245 1 0 |a Porovnanie finančného lízingu s úverom  |b bakalárska práca  |c Monika Fogelová ; škol. Lucia Zachar Ninčák 
264 1 |a Bratislava  |c 2009 
300 |a 36 s. 
100 1 |a Fogelová, Monika 
700 1 |a Zachar Ninčák, Lucia 
710 2 |a Fakulta podnikového manažmentu EU. Katedra podnikových financií